Selections from the Smuts papers / (Record no. 28668)
[ view plain ]
| 000 -LEADER | |
|---|---|
| fixed length control field | 01213nam a2200277 a 4500 |
| 001 - CONTROL NUMBER | |
| control field | 28668 |
| 003 - CONTROL NUMBER IDENTIFIER | |
| rucl marc code | BD-RjUL |
| 005 - DATE AND TIME OF LATEST TRANSACTION | |
| control field | 20211209051319.0 |
| 008 - FIXED-LENGTH DATA ELEMENTS--GENERAL INFORMATION | |
| fixed length control field | 140331s1966 enk 001 0 eng d |
| 035 ## - SYSTEM CONTROL NUMBER | |
| System control number | (BD-RjUL)28750 |
| 040 ## - CATALOGING SOURCE | |
| Original cataloging agency | DLC |
| Transcribing agency | TLM |
| Modifying agency | m.c |
| -- | SER |
| -- | BD-RjUL |
| Language of cataloging | eng |
| 041 ## - LANGUAGE CODE | |
| Language code of text/sound track or separate title | eng |
| 082 ## - DEWEY DECIMAL CLASSIFICATION NUMBER | |
| Classification number | 968.050924 |
| Author mark and year | SMS V-3 1966 |
| 100 ## - MAIN ENTRY--PERSONAL NAME | |
| Personal name | Smuts, Jan Christiaan, 1870-1950. |
| 9 (RLIN) | 85981 |
| 245 10 - TITLE STATEMENT | |
| Title | Selections from the Smuts papers / |
| Statement of responsibility, etc. | Jan Christiaan Smuts ; edited by W. K. Hancock and Jean van der Poel. |
| Number of part/section of a work | VOLUME III: |
| Name of part/section of a work | JUNE 1910-NOVEMBER 1918 |
| 260 ## - PUBLICATION, DISTRIBUTION, ETC. (IMPRINT) | |
| Place of publication, distribution, etc. | Cambridge : |
| Name of publisher, distributor, etc. | Cambridge University Press, |
| Date of publication, distribution, etc. | c1966 |
| 300 ## - PHYSICAL DESCRIPTION | |
| Pagination | v ,688 p. : |
| Size | 26 cm |
| 504 ## - BIBLIOGRAPHY, ETC. NOTE | |
| Bibliography, etc | Includes bibliographical notes and index |
| 505 0# - FORMATTED CONTENTS NOTE | |
| Formatted contents note | Contents: v. 1. June 1886-May 1902 - v. 2. June 1902-May 1910 - v. 3. June 1910-November 1918 - v. 4. November 1918-August 1919 - v. 5. September 1919-November 1934 - v. 6. December 1934-August 1945 - v. 7. August 1945-October 1950. Biographical notes and index |
| 651 #0 - SUBJECT ADDED ENTRY--GEOGRAPHIC NAME | |
| Geographic name | South Africa |
| General subdivision | History. |
| 9 (RLIN) | 542 |
| 700 1# - ADDED ENTRY--PERSONAL NAME | |
| Personal name | Hancock, W. K. |
| Fuller form of name | (William Keith),ed. |
| Dates associated with a name | 1898-1988. |
| Personal name | Van der Poel, Jean, ed. |
| 942 ## - ADDED ENTRY ELEMENTS (KOHA) | |
| Source of classification or shelving scheme | Dewey Decimal Classification |
| Koha item type | Books |
| Lost status | Source of classification or shelving scheme | Damaged status | Not for loan | Collection code | Permanent Location | Current Location | Shelving location | Date acquired | Source of acquisition | Cost, normal purchase price | Total Checkouts | Full call number | Date last seen | Copy number | Koha item type |
|---|---|---|---|---|---|---|---|---|---|---|---|---|---|---|---|
| Dewey Decimal Classification | Not For Loan | Non-fiction | Central Library, University of Rajshahi | Central Library, University of Rajshahi | Reading Room | 26/12/1969 | Zeittlinger | 0.75 | 968.050924 SMS V-3 1966 | 31/03/2014 | C-1 | Books |